Guess Sleep Token songs by lyrics #5 - Statistics

General Stats
  • This quiz has been taken 187 times
  • The average score is 6 of 8
Answer Stats
Lyrics Song % Correct
You've got my body, flesh, and bone The sky above, the Earth below Nothing to say and nowhere to go The taste of the divine The Summoning
97%
And somewhere
Somewhere the atoms stopped fusing
I'm still your favourite regret
You're still my weapon of choosing
Blood Sport
91%
I will be watching for your enemies To let them know that they contend with me I wanna know you're out there I wanna know you're out there Give
83%
Seems your heart is locked up and I still get the combination wrong Or are you simply waiting to save your love for someone I am not? The Love You Want
82%
There's something in the way you lay Enough to make the dead switch graves You take your leave Jericho
76%
Face away Deal with the pain Your own way How could they deal with the pain? Is It Really You?
59%
Your name is a sin I breathe, like oxygen Caught in the careless arms of lust again Fields of Elation
57%
And they say that, "Nothing is forever" Then what makes love the exception? Oh, why? Oh, why? Oh, why are we so in denial When we know that we're not happy here? Hey Ya
56%
No matching quizzes found
Score Distribution
Percent of People with Each Score
Percentile by Number Answered
Your Score History
You have not taken this quiz